[Event "Titled Tuesday intern op 16th Apr Early"]
[Site "Chess.com INT"]
[Date "2024.04.16"]
[Round "4"]
[White "Cahaya, Satria Duta"]
[Black "Castellanos Gomez, Alejandro"]
[Result "1-0"]
[WhiteElo "2184"]
[BlackElo "2294"]
[PlyCount "47"]
[EventDate "2024.04.16"]
[EventType "swiss (blitz)"]
[EventRounds "11"]
[EventCountry "USA"]
[SourceTitle "CB17_2024"]
[SourceDate "2024.04.24"]
[SourceVersion "1"]
[SourceVersionDate "2024.04.24"]
[SourceQuality "1"]

1. d4 d5 2. Bf4 Nf6 3. e3 c5 4. Nd2 Nc6 5. Ngf3 e6 6. c3 Bd6 7. Bg3 0-0 8. Bd3 b6 9. e4 Be7 10. e5 Nh5 11. Ng5 Bxg5 12. Qxh5 g6 13. Qe2 cxd4 14. h4 Bh6 15. h5 Kg7 16. f4 dxc3 17. bxc3 f5 18. hxg6 hxg6 19. Bh4 Qe8 20. Bf6+ Kh7 21. Nf3 Rxf6 22. exf6 Kg8 23. Rh3 Kf7 24. Rxh6 1-0

[Event "Titled Tuesday intern op 13th Feb Late"]
[Site "Chess.com INT"]
[Date "2024.02.13"]
[Round "6"]
[White "Andersson, Bjorn2"]
[Black "Castellanos Gomez, Alejandro"]
[Result "0-1"]
[WhiteElo "2140"]
[BlackElo "2282"]
[PlyCount "146"]
[EventDate "2024.02.13"]
[EventType "swiss (blitz)"]
[EventRounds "11"]
[EventCountry "USA"]
[SourceTitle "CB08_2024"]
[SourceDate "2024.02.21"]
[SourceVersion "1"]
[SourceVersionDate "2024.02.21"]
[SourceQuality "1"]

1. e4 g6 2. h4 h5 3. d4 d5 4. e5 Bg7 5. Ne2 Nh6 6. Nf4 Nf5 7. g3 c5 8. c3 cxd4 9. cxd4 Nc6 10. Nc3 Nfxd4 11. Nfxd5 Bg4 12. Qa4 Nf3+ 13. Kd1 e6 14. Bb5 Nfd4+ 15. Ke1 Nxb5 16. Nxb5 exd5 17. Nd6+ Kf8 18. Nxb7 Qb6 19. Qa3+ Kg8 20. Nc5 Bf8 21. Nd7 Bxa3 22. Nxb6 Bb4+ 23. Kf1 axb6 24. Kg2 Nxe5 25. Rf1 Bf3+ 26. Kg1 Be2 27. Bf4 Nf3+ 28. Kg2 Bxf1+ 29. Kxf3 Bd3 30. a3 Bc5 31. Be5 f6 32. Bc3 Be4+ 33. Ke2 Kf7 34. f3 d4 35. Bd2 Bd5 36. f4 Rhe8+ 37. Kd3 Be4+ 38. Kc4 Ra4+ 39. Kb5 Bd3+ 40. Kxa4 Bc4 41. Ba5 bxa5 42. Rc1 d3 43. Rd1 Rb8 44. Kxa5 Be3 45. b4 d2 46. Ka4 Be2 47. Rb1 d1Q+ 48. Rxd1 Bxd1+ 49. Ka5 Ra8+ 50. Kb5 Be2+ 51. Kc6 Rxa3 52. b5 Rc3+ 53. Kd5 Bc4+ 54. Ke4 Bxb5 55. f5 gxf5+ 56. Kxf5 Bd7+ 57. Ke4 Rc4+ 58. Kf3 Rg4 59. Kxe3 Rxg3+ 60. Kf4 Rg4+ 61. Kf3 Rxh4 62. Kf2 Rg4 63. Kf3 Kg6 64. Kf2 Kg5 65. Kf1 h4 66. Kf2 h3 67. Kf1 h2 68. Kf2 f5 69. Kf1 h1Q+ 70. Kf2 Qh2+ 71. Ke3 Qh3+ 72. Kd2 Rg2+ 73. Ke1 Qh1# 0-1

[Event "Titled Tuesday intern op 13th Feb Late"]
[Site "Chess.com INT"]
[Date "2024.02.13"]
[Round "4"]
[White "Castellanos Gomez, Alejandro"]
[Black "Alcazar Jimenez, Jesus Alberto"]
[Result "1-0"]
[WhiteElo "2282"]
[BlackElo "2147"]
[PlyCount "63"]
[EventDate "2024.02.13"]
[EventType "swiss (blitz)"]
[EventRounds "11"]
[EventCountry "USA"]
[SourceTitle "CB08_2024"]
[SourceDate "2024.02.21"]
[SourceVersion "1"]
[SourceVersionDate "2024.02.21"]
[SourceQuality "1"]

1. c4 c5 2. Nf3 Nf6 3. g3 e6 4. Bg2 d5 5. 0-0 Nc6 6. d3 Be7 7. Nc3 0-0 8. Bf4 Nh5 9. cxd5 Nxf4 10. gxf4 exd5 11. Rc1 Be6 12. Qd2 h6 13. Na4 b6 14. d4 c4 15. b3 b5 16. Nc5 Bxc5 17. dxc5 Qe7 18. f5 Bxf5 19. Qxd5 Be4 20. Qd6 Qxd6 21. cxd6 cxb3 22. axb3 Rad8 23. Rfd1 f5 24. Nh4 Bxg2 25. Kxg2 Ne5 26. Rc5 Nd7 27. Rxb5 g6 28. Nxg6 Rf6 29. Ne7+ Kf7 30. Rxf5 Rxf5 31. Nxf5 Ke6 32. Nxh6 1-0

[Event "Titled Tuesday intern op 13th Feb Late"]
[Site "Chess.com INT"]
[Date "2024.02.13"]
[Round "3"]
[White "Mekhitarian, Krikor Sevag"]
[Black "Castellanos Gomez, Alejandro"]
[Result "1-0"]
[WhiteElo "2554"]
[BlackElo "2282"]
[PlyCount "73"]
[EventDate "2024.02.13"]
[EventType "swiss (blitz)"]
[EventRounds "11"]
[EventCountry "USA"]
[SourceTitle "CB08_2024"]
[SourceDate "2024.02.21"]
[SourceVersion "1"]
[SourceVersionDate "2024.02.21"]
[SourceQuality "1"]

1. Nf3 d5 2. c4 d4 3. b4 c5 4. Bb2 Nf6 5. g3 Nc6 6. b5 Nb8 7. Bg2 g6 8. e3 dxe3 9. fxe3 Bg7 10. 0-0 0-0 11. Qe2 Bf5 12. Ne5 Nbd7 13. Bxb7 Nxe5 14. Rxf5 gxf5 15. Bxa8 Qxa8 16. Bxe5 Qe4 17. Bc3 Rd8 18. a4 h5 19. Na3 h4 20. Rf1 hxg3 21. hxg3 Rd6 22. Qf3 Ng4 23. Qxe4 fxe4 24. Bxg7 Kxg7 25. Nb1 Ne5 26. Rf4 Nxc4 27. Rxe4 Nb2 28. Kf1 e6 29. Ke2 Nd3 30. a5 Nc1+ 31. Kd1 Nb3 32. Rc4 Nxa5 33. Rxc5 Nb3 34. Rc7 a6 35. Rc6 Rd5 36. bxa6 Ra5 37. Kc2 1-0

[Event "Titled Tuesday intern op 13th Feb Late"]
[Site "Chess.com INT"]
[Date "2024.02.13"]
[Round "1"]
[White "Pranav, V."]
[Black "Castellanos Gomez, Alejandro"]
[Result "1-0"]
[WhiteElo "2611"]
[BlackElo "2282"]
[PlyCount "79"]
[EventDate "2024.02.13"]
[EventType "swiss (blitz)"]
[EventRounds "11"]
[EventCountry "USA"]
[SourceTitle "CB08_2024"]
[SourceDate "2024.02.21"]
[SourceVersion "1"]
[SourceVersionDate "2024.02.21"]
[SourceQuality "1"]

1. e4 e6 2. d4 d5 3. Nc3 Nf6 4. e5 Nfd7 5. f4 c5 6. Nf3 Nc6 7. Be3 cxd4 8. Nxd4 Nb6 9. Be2 Be7 10. 0-0 0-0 11. Qe1 f6 12. exf6 Bxf6 13. Rd1 Bd7 14. Nxc6 bxc6 15. Bc5 Re8 16. Bd3 e5 17. fxe5 Bxe5 18. Qf2 Be6 19. Rde1 Qg5 20. Bd4 Bd6 21. Rxe6 Rf8 22. Rxd6 Rxf2 23. Rxf2 Re8 24. Rxc6 Nc4 25. Rc7 Ne5 26. Bf1 h5 27. h3 Qh4 28. Bxe5 Rxe5 29. Rd7 Qd4 30. Ne2 Qe3 31. Nf4 Rf5 32. Nd3 h4 33. Re7 Qxe7 34. Rxf5 Qe3+ 35. Kh1 d4 36. Rf3 Qd2 37. Ne5 Qxc2 38. Bc4+ Kh7 39. Bd3+ Qxd3 40. Nxd3 1-0

[Event "ESP-ch 88th"]
[Site "Marbella"]
[Date "2023.10.20"]
[Round "8"]
[White "Castellanos Gomez, Alejandro"]
[Black "Arce Gonzalez, Dario"]
[Result "1/2-1/2"]
[WhiteElo "2266"]
[BlackElo "1954"]
[PlyCount "199"]
[EventDate "2023.10.13"]
[EventType "swiss"]
[EventRounds "9"]
[EventCountry "ESP"]
[SourceTitle "Mega2024 Update 01"]
[Source "Chessbase"]
[SourceDate "2023.11.12"]
[SourceVersion "1"]
[SourceVersionDate "2023.11.12"]
[SourceQuality "1"]

1. d4 d5 2. Bf4 c5 3. e3 cxd4 4. exd4 Nc6 5. c3 Nf6 6. Nf3 Bf5 7. Qb3 Qc8 8. Na3 a6 9. Nc2 e6 10. Ne3 Be4 11. Be2 Be7 12. h3 h6 13. 0-0 0-0 14. Rfc1 b5 15. Qd1 Qb7 16. Nd2 Bh7 17. Bf3 a5 18. Nb3 Nd7 19. a4 Rfc8 20. axb5 Qxb5 21. c4 dxc4 22. Rxc4 Nb6 23. Rxc6 Rxc6 24. d5 Rcc8 25. d6 Bf6 26. Bxa8 Rxa8 27. Ra2 a4 28. Nd4 Qb4 29. Ne2 e5 30. Bg3 Rd8 31. Nc3 Rxd6 32. Qf3 Bg6 33. Ng4 Re6 34. Nxa4 Nxa4 35. Qa8+ Kh7 36. Qxa4 Qxa4 37. Rxa4 Rb6 38. Bxe5 Bxe5 39. Nxe5 Rxb2 40. Ra7 f6 41. Nd7 Kg8 42. Ra8+ Kf7 43. Nc5 Re2 44. Nb7 Rd2 45. Nd8+ Ke7 46. Nc6+ Kf7 47. Ra7+ Kf8 48. Ne7 Be8 49. Nf5 Rd7 50. Ra8 h5 51. Ng3 Ke7 52. Nf5+ Kf8 53. Kh2 g6 54. Ne3 Ke7 55. g4 hxg4 56. hxg4 Bf7 57. Kg3 Rd8 58. Ra6 Rd6 59. Ra4 Be6 60. Kf4 g5+ 61. Ke4 Rd7 62. Ra6 Kf7 63. Rb6 Ra7 64. Rb4 Rc7 65. Rb6 Ra7 66. Kf3 Rc7 67. Kg3 Ra7 68. Rd6 Rd7 69. Ra6 Rb7 70. Ra3 Rc7 71. f4 gxf4+ 72. Kxf4 Rb7 73. Kg3 Rb3 74. Ra7+ Kg6 75. Kf4 Rb4+ 76. Kf3 Rb3 77. Ra6 Bxg4+ 78. Kxg4 Rxe3 79. Rb6 Re4+ 80. Kf3 Ra4 81. Rb8 Kg5 82. Rb3 f5 83. Kg3 Rg4+ 84. Kf3 Rh4 85. Rb8 Rh3+ 86. Kf2 Ra3 87. Kg2 Kg4 88. Rb2 f4 89. Rc2 Rg3+ 90. Kf2 Rh3 91. Rc8 Rh2+ 92. Kg1 Ra2 93. Rc3 Rb2 94. Kf1 Ra2 95. Rb3 Rc2 96. Ra3 f3 97. Ra8 Kg3 98. Rg8+ Kf4 99. Rf8+ Ke3 100. Re8+ 1/2-1/2

[Event "ESP-ch 88th"]
[Site "Marbella"]
[Date "2023.10.19"]
[Round "7"]
[White "Rodriguez Redondo, Adhara"]
[Black "Castellanos Gomez, Alejandro"]
[Result "1-0"]
[WhiteElo "2117"]
[BlackElo "2266"]
[PlyCount "131"]
[EventDate "2023.10.13"]
[EventType "swiss"]
[EventRounds "9"]
[EventCountry "ESP"]
[SourceTitle "Mega2024 Update 01"]
[Source "Chessbase"]
[SourceDate "2023.11.12"]
[SourceVersion "1"]
[SourceVersionDate "2023.11.12"]
[SourceQuality "1"]

1. e4 e6 2. d4 d5 3. exd5 exd5 4. Nf3 Bd6 5. Bd3 Ne7 6. 0-0 Bg4 7. Re1 Nbc6 8. c3 Qd7 9. Nbd2 0-0 10. Nf1 Bf5 11. Bxf5 Nxf5 12. Be3 a5 13. a4 Rfe8 14. Qd2 f6 15. Bf4 Bf8 16. Qc2 Nce7 17. Ne3 Nd6 18. Re2 c6 19. Bxd6 Qxd6 20. Rae1 Qd7 21. Nh4 g6 22. h3 Kf7 23. Nf3 Kg7 24. Ng4 Ng8 25. Ne3 Bd6 26. Qb3 Re7 27. c4 Bb4 28. Rd1 dxc4 29. Qxc4 Rae8 30. Rc2 Nh6 31. Qd3 Rd8 32. b3 Qe8 33. g3 Nf7 34. h4 Nd6 35. h5 Ne4 36. Ng2 Qd7 37. hxg6 hxg6 38. Nfh4 g5 39. f3 gxh4 40. fxe4 Qg4 41. Ne3 Qg5 42. Nf5+ Kf8 43. Nxe7 Kxe7 44. e5 f5 45. Rf1 Ke6 46. Rg2 Rg8 47. Qc4+ Kd7 48. Qf7+ Kd8 49. Qxf5 Qxf5 50. Rxf5 hxg3 51. Re2 Rg4 52. Kg2 Be7 53. e6 Rxd4 54. Rxa5 Rd3 55. Ra8+ Kc7 56. Rg8 Rxb3 57. Rg7 Kd8 58. Rd2+ Ke8 59. Rd7 Rb2+ 60. Kxg3 Bf8 61. Rg8 Rb1 62. Kf2 Rb2+ 63. Ke3 Rb3+ 64. Kd2 Rb2+ 65. Kc3 Rf2 66. Rxb7 1-0

[Event "ESP-ch 88th"]
[Site "Marbella"]
[Date "2023.10.18"]
[Round "6"]
[White "Castellanos Gomez, Alejandro"]
[Black "Merario Alarcon, Andres"]
[Result "0-1"]
[WhiteElo "2266"]
[BlackElo "2441"]
[PlyCount "122"]
[EventDate "2023.10.13"]
[EventType "swiss"]
[EventRounds "9"]
[EventCountry "ESP"]
[SourceTitle "Mega2024 Update 01"]
[Source "Chessbase"]
[SourceDate "2023.11.12"]
[SourceVersion "1"]
[SourceVersionDate "2023.11.12"]
[SourceQuality "1"]

1. d4 Nf6 2. Bf4 c5 3. e3 Nd5 4. Bxb8 Rxb8 5. dxc5 e6 6. Qd4 Qa5+ 7. c3 Qxc5 8. Nf3 b5 9. Qxc5 Bxc5 10. Nbd2 b4 11. c4 Nf6 12. Bd3 Bb7 13. Rc1 0-0 14. Rg1 Rfc8 15. g4 Be7 16. Ke2 d6 17. g5 Nd7 18. h4 Nc5 19. h5 d5 20. b3 Nxd3 21. Kxd3 dxc4+ 22. bxc4 Rc5 23. Rg4 Ra5 24. Rc2 Bc6 25. Ke2 Rb6 26. Nb3 Ra3 27. Nfd4 Bd7 28. Rg1 Rba6 29. Nc1 e5 30. Nb5 R3a5 31. Nc7 Rc6 32. Nb3 Ra4 33. Nd5 Kf8 34. f3 Ra3 35. Kd3 Rca6 36. Rgg2 Bf5+ 37. e4 Bh3 38. Rgf2 Bc5 39. Rh2 Bf1+ 40. Kd2 Rxa2 41. Rh1 Bg2 42. Nxc5 Bxh1 43. Nxa6 b3 44. Nab4 Rxc2+ 45. Nxc2 bxc2 46. h6 Bxf3 47. hxg7+ Kxg7 48. Nf6 Kg6 49. c5 Kxg5 50. Nxh7+ Kg6 51. Nf8+ Kf6 52. c6 Bxe4 53. Nd7+ Ke7 54. Nxe5 f6 55. c7 Bf5 56. Nc6+ Kd6 57. Nxa7 Kxc7 58. Nb5+ Kd7 59. Nd4 Be4 60. Ne2 Kd6 61. Ng3 Ke5 0-1

[Event "ESP-ch 88th"]
[Site "Marbella"]
[Date "2023.10.15"]
[Round "3"]
[White "Santos Martinez, Guillermo"]
[Black "Castellanos Gomez, Alejandro"]
[Result "0-1"]
[WhiteElo "2056"]
[BlackElo "2266"]
[PlyCount "66"]
[EventDate "2023.10.13"]
[EventType "swiss"]
[EventRounds "9"]
[EventCountry "ESP"]
[SourceTitle "Mega2024 Update 01"]
[Source "Chessbase"]
[SourceDate "2023.11.12"]
[SourceVersion "1"]
[SourceVersionDate "2023.11.12"]
[SourceQuality "1"]

1. d4 d5 2. c4 dxc4 3. e3 Nf6 4. Bxc4 e6 5. Nf3 c5 6. 0-0 Nc6 7. b3 cxd4 8. exd4 Be7 9. Nc3 0-0 10. Bb2 Qa5 11. Qe2 Qh5 12. Rad1 Rd8 13. Rfe1 a6 14. Qf1 Qa5 15. a3 b5 16. b4 Nxb4 17. Bxb5 Nc2 18. Re2 Nxa3 19. Bc6 Rb8 20. Bxa3 Qxa3 21. Ne4 Nxe4 22. Bxe4 Bd7 23. Re3 Qd6 24. d5 Bb5 25. Qe1 Bf6 26. Rd2 e5 27. g4 g6 28. Kh1 Bc4 29. Rc3 Rb4 30. g5 Bg7 31. Rdc2 Bxd5 32. Bxd5 Qxd5 33. Rd2 Rd4 0-1

[Event "Mutxamel 5th"]
[Site "Mutxamel"]
[Date "2023.08.22"]
[Round "3"]
[White "Villa Tornero, Alex"]
[Black "Castellanos Gomez, Alejandro"]
[Result "1-0"]
[WhiteElo "2225"]
[BlackElo "2247"]
[PlyCount "37"]
[EventDate "2023.08.21"]
[EventType "tourn"]
[EventRounds "9"]
[EventCountry "ESP"]
[EventCategory "2"]
[SourceTitle "CBM 215 Extra"]
[Source "ChessBase"]
[SourceDate "2023.09.30"]
[SourceVersion "1"]
[SourceVersionDate "2023.09.30"]
[SourceQuality "1"]

1. e4 d5 2. exd5 Nf6 3. Nc3 Nxd5 4. Bc4 e6 5. Nf3 Be7 6. 0-0 0-0 7. Re1 Nxc3 8. dxc3 Qxd1 9. Rxd1 Bd6 10. h3 b6 11. a4 a6 12. Be3 Nd7 13. Ng5 Bb7 14. Nxe6 fxe6 15. Bxe6+ Rf7 16. Bf4 Bxf4 17. Rxd7 Raf8 18. Rad1 Bg5 19. Rxf7 1-0

[Event "Titled Tuesday intern op 23rd May Early"]
[Site "Chess.com INT"]
[Date "2023.05.23"]
[Round "3"]
[White "Castellanos Gomez, Alejandro"]
[Black "Chor, Kevin"]
[Result "0-1"]
[WhiteElo "2253"]
[BlackElo "1944"]
[PlyCount "34"]
[EventDate "2023.05.23"]
[EventType "swiss (blitz)"]
[EventRounds "11"]
[EventCountry "USA"]
[SourceTitle "CBM 214 Extra"]
[Source "ChessBase"]
[SourceDate "2023.07.31"]
[SourceVersion "1"]
[SourceVersionDate "2023.07.31"]
[SourceQuality "1"]

1. d4 Nf6 2. Bf4 g6 3. Nc3 d5 4. Qd2 Bg7 5. Bh6 Bxh6 6. Qxh6 c5 7. 0-0-0 cxd4 8. Rxd4 Nc6 9. Rd1 Bf5 10. e4 Nxe4 11. Nxd5 Qa5 12. Qg7 0-0-0 13. Bc4 e6 14. Nc3 Rxd1+ 15. Kxd1 Qd8+ 16. Ke1 Qd2+ 17. Kf1 Qxf2# 0-1

[Event "Titled Tuesday intern op 16th May Early"]
[Site "Chess.com INT"]
[Date "2023.05.16"]
[Round "2"]
[White "Castellanos Gomez, Alejandro"]
[Black "Necula, Iulian"]
[Result "1-0"]
[WhiteElo "2253"]
[BlackElo "1851"]
[PlyCount "43"]
[EventDate "2023.05.16"]
[EventType "swiss (blitz)"]
[EventRounds "11"]
[EventCountry "USA"]
[SourceTitle "CBM 214 Extra"]
[Source "ChessBase"]
[SourceDate "2023.07.31"]
[SourceVersion "1"]
[SourceVersionDate "2023.07.31"]
[SourceQuality "1"]

1. d4 d6 2. Bf4 f5 3. Nc3 Nf6 4. h3 g6 5. Qd2 h6 6. 0-0-0 g5 7. Bh2 e6 8. g4 f4 9. e3 fxe3 10. fxe3 Qe7 11. Bd3 Rg8 12. e4 Bd7 13. e5 Nd5 14. Nxd5 exd5 15. exd6 Qf7 16. Re1+ Kd8 17. dxc7+ Kc8 18. cxb8Q+ Rxb8 19. Qa5 b6 20. Qxa7 Rb7 21. Qa8+ Rb8 22. Qxb8# 1-0

[Event "Titled Tuesday intern op 02nd May Early"]
[Site "Chess.com INT"]
[Date "2023.05.02"]
[Round "8"]
[White "Castellanos Gomez, Alejandro"]
[Black "Biriukov, Ilja"]
[Result "1-0"]
[WhiteElo "2253"]
[BlackElo "2311"]
[PlyCount "107"]
[EventDate "2023.05.02"]
[EventType "swiss (blitz)"]
[EventRounds "11"]
[EventCountry "USA"]
[SourceTitle "EXT 2024"]
[Source "ChessBase"]
[SourceDate "2023.10.10"]
[SourceVersion "1"]
[SourceVersionDate "2023.10.10"]
[SourceQuality "1"]

1. d4 Nf6 2. Bf4 g6 3. Nc3 Bg7 4. e4 d6 5. Qd2 0-0 6. 0-0-0 Nc6 7. Nf3 Bg4 8. d5 Ne5 9. Be2 Nxf3 10. gxf3 Bh3 11. Bh6 c5 12. Rhg1 a6 13. Bxg7 Kxg7 14. f4 Bd7 15. e5 Ne8 16. h4 b5 17. h5 b4 18. Ne4 Bf5 19. Ng3 Qd7 20. Nxf5+ Qxf5 21. Bd3 Qxh5 22. f5 Qh6 23. f4 dxe5 24. Rdf1 exf4 25. Kb1 Nd6 26. Rh1 Qg5 27. Rfg1 Qf6 28. Qxf4 Rh8 29. Qe3 c4 30. fxg6 hxg6 31. Be2 a5 32. Rf1 Rxh1 33. Rxh1 Rh8 34. Rf1 Qh4 35. Qe5+ Kg8 36. a3 bxa3 37. bxa3 Qh2 38. Qxe7 Qg3 39. Qd8+ Kg7 40. Qf6+ Kg8 41. Rf3 Qg1+ 42. Ka2 Rh1 43. Qb2 Qg2 44. Re3 Qf2 45. Re7 Kf8 46. Rd7 Qc5 47. Qb8+ Kg7 48. Qxd6 Qxd6 49. Rxd6 c3 50. Bc4 g5 51. Rd7 g4 52. d6 g3 53. Rxf7+ Kg6 54. d7 1-0

[Event "Titled Tuesday intern op 02nd May Early"]
[Site "Chess.com INT"]
[Date "2023.05.02"]
[Round "4"]
[White "Castellanos Gomez, Alejandro"]
[Black "Levitsky, Andrey"]
[Result "0-1"]
[WhiteElo "2253"]
[BlackElo "2304"]
[PlyCount "94"]
[EventDate "2023.05.02"]
[EventType "swiss (blitz)"]
[EventRounds "11"]
[EventCountry "USA"]
[SourceTitle "EXT 2024"]
[Source "ChessBase"]
[SourceDate "2023.10.10"]
[SourceVersion "1"]
[SourceVersionDate "2023.10.10"]
[SourceQuality "1"]

1. d4 Nf6 2. Bf4 d5 3. e3 c5 4. c3 Nc6 5. Nd2 cxd4 6. exd4 Bf5 7. Ngf3 e6 8. Be2 Bd6 9. Bg3 0-0 10. 0-0 h6 11. Re1 Re8 12. b4 Rc8 13. a3 a6 14. Bf1 Re7 15. Rc1 Rec7 16. Nb3 Ne4 17. Nc5 Ne7 18. Ne5 b6 19. Nxe4 Bxe4 20. Bxa6 Ra8 21. b5 f6 22. Nd3 Bxg3 23. hxg3 Qd6 24. Nb4 Rc4 25. Qe2 Kf7 26. Qe3 Ra7 27. Re2 Rac7 28. Rb2 Nf5 29. Qd2 Nxd4 30. cxd4 Rxc1+ 31. Kh2 R1c4 32. Nc6 Kg8 33. Ra2 Qd7 34. a4 Qf7 35. g4 Qf8 36. f3 Qd6+ 37. Kg1 Bg6 38. a5 bxa5 39. Qxa5 Be8 40. Qe1 Bxc6 41. bxc6 R4xc6 42. Bb5 Rc1 43. Ra8+ Kh7 44. Bd3+ f5 45. gxf5 Rxe1+ 46. Kf2 exf5 47. Bxf5+ g6 0-1

[Event "Titled Tuesday intern op 21st Mar Late"]
[Site "Chess.com INT"]
[Date "2023.03.21"]
[Round "9"]
[White "Castellanos Gomez, Alejandro"]
[Black "Hartikainen, Jarmo"]
[Result "1-0"]
[WhiteElo "2277"]
[BlackElo "2108"]
[PlyCount "63"]
[EventDate "2023.03.21"]
[EventType "swiss (blitz)"]
[EventRounds "11"]
[EventCountry "USA"]
[SourceTitle "EXT 2024"]
[Source "ChessBase"]
[SourceDate "2023.10.10"]
[SourceVersion "1"]
[SourceVersionDate "2023.10.10"]
[SourceQuality "1"]

1. d4 Nf6 2. Bf4 d5 3. e3 Bf5 4. Nd2 e6 5. Ngf3 Bd6 6. Bg3 Ne4 7. Nxe4 Bxe4 8. Bd3 Bxd3 9. Qxd3 c6 10. 0-0 Bxg3 11. hxg3 Nd7 12. g4 Qc7 13. b4 h5 14. g5 h4 15. c4 h3 16. g3 Rh5 17. Kh2 Kf8 18. Rac1 Re8 19. e4 dxe4 20. Qxe4 Qd8 21. Qf4 Kg8 22. b5 Nf8 23. bxc6 bxc6 24. Rb1 Ng6 25. Qg4 Rh7 26. Rb7 e5 27. Qf5 Rf8 28. dxe5 Qe8 29. Rd1 Qe6 30. Qe4 Rh5 31. Rd6 Qe8 32. Qxc6 1-0

[Event "Titled Tuesday intern op 21st Mar Late"]
[Site "Chess.com INT"]
[Date "2023.03.21"]
[Round "1"]
[White "Castellanos Gomez, Alejandro"]
[Black "Holt, Conrad"]
[Result "0-1"]
[WhiteElo "2277"]
[BlackElo "2540"]
[PlyCount "40"]
[EventDate "2023.03.21"]
[EventType "swiss (blitz)"]
[EventRounds "11"]
[EventCountry "USA"]
[SourceTitle "EXT 2024"]
[Source "ChessBase"]
[SourceDate "2023.10.10"]
[SourceVersion "1"]
[SourceVersionDate "2023.10.10"]
[SourceQuality "1"]

1. d4 d5 2. Bf4 c5 3. e3 Nc6 4. c3 Nf6 5. Nd2 e6 6. Ngf3 Be7 7. Bd3 Nh5 8. Be5 cxd4 9. cxd4 f6 10. Bg3 0-0 11. Ng5 fxg5 12. Qxh5 h6 13. Qe2 Nb4 14. Bb1 b6 15. Nf3 Ba6 16. Qd2 Rc8 17. a3 Qd7 18. axb4 Qb5 19. Qd3 Qxb4+ 20. Qd2 Rc1# 0-1

[Event "Titled Tuesday intern op 21st Mar Late"]
[Site "Chess.com INT"]
[Date "2023.03.21"]
[Round "5"]
[White "Castellanos Gomez, Alejandro"]
[Black "Lamard, Guillaume"]
[Result "0-1"]
[WhiteElo "2277"]
[BlackElo "2529"]
[PlyCount "86"]
[EventDate "2023.03.21"]
[EventType "swiss (blitz)"]
[EventRounds "11"]
[EventCountry "USA"]
[SourceTitle "EXT 2024"]
[Source "ChessBase"]
[SourceDate "2023.10.10"]
[SourceVersion "1"]
[SourceVersionDate "2023.10.10"]
[SourceQuality "1"]

1. d4 Nf6 2. Bf4 e6 3. e3 c5 4. c3 cxd4 5. exd4 b6 6. Nd2 Bb7 7. Ngf3 Be7 8. Bd3 0-0 9. 0-0 d6 10. h3 a6 11. Re1 Nbd7 12. Bh2 Nd5 13. Ne4 N7f6 14. Qd2 b5 15. Nxf6+ Nxf6 16. Qf4 h6 17. Nd2 Qb6 18. a4 Bc6 19. a5 Qb7 20. Bf1 Rac8 21. Qe3 Bd5 22. Bf4 Bc4 23. Nxc4 bxc4 24. Qd2 Qd5 25. Ra4 Rc7 26. g4 Rfc8 27. Bg2 Qb5 28. Rea1 Nd5 29. Bg3 Rb8 30. R4a2 Rcb7 31. f4 Qc6 32. h4 Rb3 33. f5 exf5 34. gxf5 Qb5 35. Re1 Bf8 36. Qf2 Nf6 37. Re2 Re8 38. Bf4 Rxe2 39. Qxe2 Qxf5 40. Bg3 Qb1+ 41. Kh2 Qxa2 42. Qxc4 Rxb2 43. Qc6 d5 0-1

[Event "Titled Tuesday intern op 21st Mar Late"]
[Site "Chess.com INT"]
[Date "2023.03.21"]
[Round "3"]
[White "Goncharov, Vladimir"]
[Black "Castellanos Gomez, Alejandro"]
[Result "1-0"]
[WhiteElo "2077"]
[BlackElo "2277"]
[PlyCount "111"]
[EventDate "2023.03.21"]
[EventType "swiss (blitz)"]
[EventRounds "11"]
[EventCountry "USA"]
[SourceTitle "EXT 2024"]
[Source "ChessBase"]
[SourceDate "2023.10.10"]
[SourceVersion "1"]
[SourceVersionDate "2023.10.10"]
[SourceQuality "1"]

1. e4 e6 2. d4 d5 3. Nd2 c5 4. exd5 Qxd5 5. Ngf3 cxd4 6. Bc4 Qd8 7. 0-0 Nc6 8. Nb3 Nf6 9. Nbxd4 Nxd4 10. Nxd4 a6 11. Re1 Bd6 12. Bg5 Bxh2+ 13. Kxh2 Qc7+ 14. Kg1 Qxc4 15. Bxf6 gxf6 16. c3 Bd7 17. Qf3 0-0-0 18. Qxf6 Rhf8 19. Re5 Kb8 20. Re3 Bc8 21. b3 Qc7 22. Rae1 Rd5 23. Nxe6 Bxe6 24. Rxe6 Rh5 25. Re8+ Rxe8 26. Rxe8+ Ka7 27. Qd4+ Qc5 28. Qxc5+ Rxc5 29. c4 Kb6 30. Re7 Rf5 31. f3 h5 32. Kf2 Kc6 33. g3 b5 34. cxb5+ Kxb5 35. f4 h4 36. Kf3 hxg3 37. Kxg3 Kb4 38. Re4+ Kc3 39. Re2 Rf6 40. Kg4 Rd6 41. f5 Kd3 42. Re5 Kd4 43. Ra5 f6 44. Kh5 Ke4 45. Kg6 Rb6 46. Rc5 Kd4 47. Rc7 Kd3 48. Re7 Kc2 49. Re6 Rb8 50. Rxa6 Rg8+ 51. Kxf6 Rg3 52. Kf7 Re3 53. f6 Kb2 54. Kg7 Rd3 55. f7 Rg3+ 56. Rg6 1-0

[Event "Titled Tuesday intern op 21st Mar Early"]
[Site "Chess.com INT"]
[Date "2023.03.21"]
[Round "1"]
[White "Kilic, Eray"]
[Black "Castellanos Gomez, Alejandro"]
[Result "0-1"]
[WhiteElo "2415"]
[BlackElo "2277"]
[PlyCount "110"]
[EventDate "2023.03.21"]
[EventType "swiss (blitz)"]
[EventRounds "11"]
[EventCountry "USA"]
[SourceTitle "EXT 2024"]
[Source "ChessBase"]
[SourceDate "2023.10.10"]
[SourceVersion "1"]
[SourceVersionDate "2023.10.10"]
[SourceQuality "1"]

1. d4 d5 2. Nc3 e6 3. e4 Nf6 4. Bg5 Be7 5. e5 Nfd7 6. Bxe7 Qxe7 7. f4 0-0 8. Nf3 c5 9. Nb5 a6 10. Nd6 cxd4 11. Qxd4 Nc6 12. Qd2 f6 13. Nxc8 Raxc8 14. exf6 Qxf6 15. g3 Qxb2 16. Rd1 Nb4 17. Bd3 Nxc2+ 18. Ke2 Kh8 19. Rb1 Nd4+ 20. Ke3 Qxd2+ 21. Nxd2 Nb5 22. Bxb5 axb5 23. Rxb5 Rc3+ 24. Ke2 Nc5 25. Nb1 Rc2+ 26. Kd1 Rc4 27. Nd2 Rc3 28. Nb1 Ne4 29. Rxb7 Rc4 30. Re1 Rfc8 31. Rb2 Rc1+ 32. Ke2 R8c2+ 33. Kd3 Nf2+ 34. Kd4 Rc4+ 35. Ke3 Rxe1+ 36. Kxf2 Rec1 37. Ke3 h6 38. Nd2 R4c3+ 39. Kd4 R3c2 40. Rb8+ Kh7 41. Nf3 Rd1+ 42. Ke5 Re2+ 43. Kd6 d4 44. Ke7 Kg6 45. Rd8 d3 46. g4 d2 47. Ne5+ Kh7 48. Kf7 Rxe5 49. g5 Rf5+ 50. Kxe6 Rxf4 51. g6+ Kxg6 52. Ke5 Rf6 53. Kd4 Re1 54. Kc3 d1Q 55. Rxd1 Rxd1 0-1